|
|
|
|
| LEADER |
00000cas a2200000 a 4500 |
| 001 |
vtls008186431 |
| 003 |
SK-MaSNL |
| 005 |
20260228163520.0 |
| 008 |
050726d19982008xo br|p 0 b0slo c |
| 022 |
|
|
|a 1335-3411
|
| 035 |
|
|
|a (SVKBB03)vtls000036915
|
| 040 |
|
|
|a SNK
|b slo
|c SNK
|d SVKBB
|d SAVUK
|d SNK
|e AACR2
|
| 041 |
0 |
|
|a slo
|
| 044 |
|
|
|a xo
|c SK
|
| 072 |
|
7 |
|a 796
|x Šport. Hry. Telesné cvičenia
|2 2001
|
| 080 |
|
|
|a 050
|2 2001
|
| 080 |
|
|
|a 796.71
|2 2001
|
| 210 |
0 |
|
|a Autošport
|b (Košice)
|
| 222 |
|
0 |
|a Autošport
|b (Košice)
|
| 245 |
0 |
0 |
|a Autošport
|b magazín milovníkov automobilového športu
|
| 246 |
1 |
3 |
|a Petty Racing
|
| 247 |
0 |
1 |
|a Autošport
|b magazín milovníkov automobilového športu na Slovensku a v Čechách
|f 2000-11/2006
|
| 247 |
0 |
1 |
|a Autošport
|b magazín milovníkov motoristického športu na Slovensku a v Čechách
|f 12/2006-2008
|
| 260 |
|
|
|a Košice
|b Petty Racing
|c 1998-2008
|
| 300 |
|
|
|a 11 zv.
|b ilustr.
|c 30 cm
|
| 310 |
|
|
|a 6x ročne ako dvojčíslo
|b 2005-2008
|
| 321 |
|
|
|a 6x ročne
|b 1998-1999
|
| 321 |
|
|
|a 1x mesačne
|b 2000-2004
|
| 362 |
0 |
|
|a Č. 1 (1998)-roč. XI, č. 3/4 (apr./máj 2008)
|
| 500 |
|
|
|a Šéfredaktor: Vojtech Petty
|
| 500 |
|
|
|a Reg. číslo: 1897/98
|
| 515 |
|
|
|a Od roku 2000 vychádzajú čísla kombinovane ako 1+2, 3+4, ... 11+12
|
| 515 |
|
|
|a Rok 2006 vyšiel ako feb.-dec./január 2007; rok 2007 ako feb.-dec./január 2008
|
| 650 |
0 |
7 |
|a automobilový šport
|2 SNKPH
|9 3266
|
| 655 |
|
7 |
|a časopisy pre voľný čas
|2 SNKPH
|9 70337
|
| 700 |
1 |
|
|a Petty, Vojtech
|4 pbd
|9 24138
|
| 852 |
|
|
|a Štátna vedecká knižnica v Banskej Bystrici
|
| 856 |
4 |
1 |
|u http://www.pettyracing.sk/
|
| 910 |
|
|
|a savuk
|
| 910 |
|
|
|a snk
|
| 910 |
|
|
|a 1998-2008
|
| 999 |
|
|
|c 9712
|d 11642
|
| 952 |
|
|
|0 0
|1 0
|4 0
|7 0
|8 0
|a SNK
|b SNK
|d 2014-11-06
|f 1
|i snk2014/24272
|l 0
|o snkČSB 5377/10/2007-2008
|p 17A1046996
|r 2026-02-21 20:14:29
|t č. 2-12/1
|w 2026-02-21
|y PREZ
|
| 952 |
|
|
|0 0
|1 0
|4 0
|7 0
|8 0
|a SNK
|b SNK
|d 2005-07-26
|i snk2005/13108
|l 0
|o snkČSB 5377/3/2000 D1
|p 17A0463632
|r 2026-02-21 20:16:41
|t č. 1-12
|w 2026-02-21
|y PREZ
|
| 952 |
|
|
|0 0
|1 0
|4 0
|7 0
|8 0
|a SNK
|b SNK
|d 2014-11-06
|f 1
|i snk2014/24275
|l 0
|o snkČSB 5377/11/2008
|p 17A1046997
|r 2026-02-21 20:20:02
|t č. 1-4
|w 2026-02-21
|y PREZ
|
| 952 |
|
|
|0 0
|1 0
|4 0
|7 0
|8 0
|a SNK
|b SNK
|d 2014-11-06
|f 1
|i snk2014/24252
|l 0
|o snkČSB 5377/9/2006-2007
|p 17A1046995
|r 2026-02-21 20:32:41
|t č. 2-12/1
|w 2026-02-21
|y PREZ
|z s č.12/2006 vydané č. 1/2007
|
| 952 |
|
|
|0 0
|1 0
|4 0
|7 0
|8 0
|a SNK
|b SNK
|d 2014-11-07
|i snk2014/24361
|l 0
|o snkČSB 5377/8/2005 D1
|p 17A1046998
|r 2026-02-21 20:32:47
|t č. 1-12, neúplné
|w 2026-02-21
|y PREZ
|z Chýba č. 5-6
|
| 952 |
|
|
|0 0
|1 0
|4 0
|7 0
|8 0
|a SNK
|b SNK
|d 2014-11-07
|i snk2014/24364
|l 0
|o snkČSB 5377/9/2006-2007 D1
|p 17A1046999
|r 2026-02-21 20:32:47
|t č. 2-12/1
|w 2026-02-21
|y PREZ
|
| 952 |
|
|
|0 0
|1 0
|4 0
|7 0
|8 0
|a SNK
|b SNK
|d 2014-11-07
|i snk2014/24367
|l 0
|o snkČSB 5377/10/2007-2008 D1
|p 17A1047000
|r 2026-02-21 20:32:47
|t č. 2-12/1
|w 2026-02-21
|y PREZ
|
| 952 |
|
|
|0 0
|1 0
|4 0
|7 0
|8 0
|a SNK
|b SNK
|d 2014-11-07
|i snk2014/24369
|l 0
|o snkČSB 5377/11/2008 D1
|p 17A1047001
|r 2026-02-21 20:32:47
|t č. 1-4
|w 2026-02-21
|y PREZ
|
| 952 |
|
|
|0 0
|1 0
|4 0
|7 0
|8 0
|a SNK
|b SNK
|d 2014-11-06
|f 1
|i snk2014/24244
|l 0
|o snkČSB 5377/8/2005
|p 17A1046994
|r 2026-02-21 21:00:48
|t č. 1-12
|w 2026-02-21
|y PREZ
|
| 952 |
|
|
|0 0
|1 0
|4 0
|7 0
|8 0
|a SNK
|b SNK
|d 2005-07-26
|f 1
|i snk2005/13094
|l 0
|o snkČSB 5377/1998
|p 17A0446753
|r 2026-02-21 21:22:08
|t č. 1-3
|w 2026-02-21
|y PREZ
|z Vydané iba 3 čísla
|
| 952 |
|
|
|0 0
|1 0
|4 0
|7 0
|8 0
|a SNK
|b SNK
|d 2005-07-26
|i snk2005/13095
|l 0
|o snkČSB 5377/1998 D1
|p 17A0446754
|r 2026-02-21 21:22:08
|t č. 1-3
|w 2026-02-21
|y PREZ
|z Vydané iba 3 čísla
|
| 952 |
|
|
|0 0
|1 0
|4 0
|7 0
|8 0
|a SNK
|b SNK
|d 2005-07-26
|f 1
|i snk2005/13098
|l 0
|o snkČSB 5377/2/1999
|p 17A0446755
|r 2026-02-21 21:22:08
|t č. 1-6
|w 2026-02-21
|y PREZ
|
| 952 |
|
|
|0 0
|1 0
|4 0
|7 0
|8 0
|a SNK
|b SNK
|d 2005-07-26
|i snk2005/13100
|l 0
|o snkČSB 5377/2/1999 D1
|p 17A0446756
|r 2026-02-21 21:22:08
|t č. 1-6
|w 2026-02-21
|y PREZ
|
| 952 |
|
|
|0 0
|1 0
|4 0
|7 0
|8 0
|a SNK
|b SNK
|d 2005-07-26
|f 1
|i snk2005/13107
|l 0
|o snkČSB 5377/3/2000
|p 17A0463633
|r 2026-02-21 21:22:08
|t č. 1-12
|w 2026-02-21
|y PREZ
|
| 952 |
|
|
|0 0
|1 0
|4 0
|7 0
|8 0
|a SNK
|b SNK
|d 2005-07-26
|f 1
|i snk2005/13109
|l 0
|o snkČSB 5377/4/2001
|p 17A0463631
|r 2026-02-21 21:22:10
|t č. 1-12
|w 2026-02-21
|y PREZ
|
| 952 |
|
|
|0 0
|1 0
|4 0
|7 0
|8 0
|a SNK
|b SNK
|d 2005-07-26
|i snk2005/13110
|l 0
|o snkČSB 5377/4/2001 D1
|p 17A0463527
|r 2026-02-21 21:22:10
|t č. 1-12
|w 2026-02-21
|y PREZ
|
| 952 |
|
|
|0 0
|1 0
|4 0
|7 0
|8 0
|a SNK
|b SNK
|d 2005-07-26
|f 1
|i snk2005/13111
|l 0
|o snkČSB 5377/5/2002
|p 17A0446757
|r 2026-02-21 21:22:10
|t č. 1-12
|w 2026-02-21
|y PREZ
|
| 952 |
|
|
|0 0
|1 0
|4 0
|7 0
|8 0
|a SNK
|b SNK
|d 2005-07-26
|f 1
|i snk2005/13112
|l 0
|o snkČSB 5377/6/2003
|p 17A0463528
|r 2026-02-21 21:22:10
|t č. 1-12
|w 2026-02-21
|y PREZ
|
| 952 |
|
|
|0 0
|1 0
|4 0
|7 0
|8 0
|a SNK
|b SNK
|d 2005-07-26
|i snk2005/13113
|l 0
|o snkČSB 5377/6/2003 D1
|p 17A0463529
|r 2026-02-21 21:22:10
|t č. 1-12
|w 2026-02-21
|y PREZ
|
| 952 |
|
|
|0 0
|1 0
|4 0
|7 0
|8 0
|a SNK
|b SNK
|d 2005-07-26
|f 1
|i snk2005/13114
|l 0
|o snkČSB 5377/7/2004
|p 17A0463530
|r 2026-02-21 21:22:10
|t č. 1-12
|w 2026-02-21
|y PREZ
|
| 952 |
|
|
|0 0
|1 0
|4 0
|7 0
|8 0
|a SNK
|b SNK
|d 2005-07-26
|i snk2005/13115
|l 0
|o snkČSB 5377/7/2004 D1
|p 17A0463531
|r 2026-02-21 21:22:10
|t č. 1-12
|w 2026-02-21
|y PREZ
|